ბათუმის შოთა რუსთაველის სახელმწიფო უნივერსიტეტის ბიბლიოთეკა

Chrestvmathie der Politischen okonomie : (ბიბ.ჩანაწერი № 63795)

000 -ლიდერი
ფიქსირებული სიგრძის საკონტროლო ველი 01282nam a2200193 4500
003 - საკონტროლო ნომრის იდენტიფიკატორი
საკონტროლო ველი Ge_BSU
005 - ბოლო ოპერაციის თარიღი და დრო
საკონტროლო ველი 20260114211056.0
008 - ფიქსირებული სიგრძის მონაცემთა ელემენტები - ზოგადი ინფორმაცია
ფიქსირებული სიგრძის საკონტროლო ველი 260114s1969 ge ||||| |||| 00| 0 geo d
041 ## - ენის კოდი
Language code of text/sound track or separate title geo
080 ## - უნივერსალური ათობითი კლასიფიკაციის ინდექსი
Universal Decimal Classification number 330.1(082) ვ-27
100 ## - მთავარი ჩანაწერი - პიროვნების სახელი
Personal name ვახანია, ნ.
9 (RLIN) 26685
245 ## - ცნობა სათაურის შესახებ
Title Chrestvmathie der Politischen okonomie :
Remainder of title პოლიტიკური ეკონომიის ქრესტომათია. [გერმანული ენის შემსწავლელთათვის] /
Statement of responsibility, etc შემდგ. ვახანია, ნ. ; საქ. სსრ უმაღლ. და საშ. სპეც. განათლ. სამინისტროს სამეცნ-მეთოდ. კაბინეტი.
264 ## - წარმოების, გამოცემის, დისტრიბუციის და სხვა ცნობები
გამოცემის, წარმოების, დისტრიბუციის... ადგილი თბ. :
გამოცემის, წარმოების, დისტრიბუციის... სახელწოდება თბილ. უნ-ტის გამ-ბა,
გამოცემის, წარმოების, დისტრიბუციის... თარიღი 1969.
300 ## - ფიზიკური აღწერა
Extent 41გვ. ;
Other physical details 20სმ.
653 ## - INDEX TERM--UNCONTROLLED
Uncontrolled term პოლიტიკური ეკონომია
653 ## - INDEX TERM--UNCONTROLLED
Uncontrolled term გერმანული ენის ქრესტომათიები
710 ## - ADDED ENTRY--CORPORATE NAME
Corporate name or jurisdiction name as entry element საქ. სსრ უმაღლ. და საშ. სპეც. განათლ.
Subordinate unit სამინისტროს სამეცნ-მეთოდ. კაბინეტი
9 (RLIN) 26686
942 ## - ADDED ENTRY ELEMENTS (KOHA)
Source of classification or shelving scheme
Koha item type წიგნი
ეგზემპლარები
ჩამოწერის სტატუსი დაკარგული ეგზემპლარის სტატუსი კლასიფიკაციის წყარო ან თაროზე გაწყობის სქემა დაზიანების სტატუსი არ გაიცემა მუდმივი მდებარეობა (დაცვის ადგილი) ამჟამინდელი ადგილსამყოფელი თაროზე განთავსების ადგილი შეძენის თარიღი ღირებულება, შესყიდვის ნორმალური ფასი სრული შენახვის შიფრი შტრიხკოდი ბოლო ოპერაციის თარიღი ეგზემპლარის მიმდევრობითი ნომერი (კეტერი?) ფასის ძალაში შესვლის თარიღი ეგზემპლარის სახეობა საჯარო შენიშვნა
          ბათუმის შოთა რუსთაველის სახელმწიფო უნივერსიტეტის მთავარი ბიბლიოთეკა ბათუმის შოთა რუსთაველის სახელმწიფო უნივერსიტეტის მთავარი ბიბლიოთეკა წიგნსაცავი 2026-01-14 0.10 330.1(082) ვ-27 73455 2026-01-14 73455 2026-01-14 წიგნი 0.10 თ.
          ბათუმის შოთა რუსთაველის სახელმწიფო უნივერსიტეტის მთავარი ბიბლიოთეკა ბათუმის შოთა რუსთაველის სახელმწიფო უნივერსიტეტის მთავარი ბიბლიოთეკა წიგნსაცავი 2026-01-14 0.10 330.1(082) ვ-27 73456 2026-01-14 73456 2026-01-14 წიგნი 0.10 თ.
          ბათუმის შოთა რუსთაველის სახელმწიფო უნივერსიტეტის მთავარი ბიბლიოთეკა ბათუმის შოთა რუსთაველის სახელმწიფო უნივერსიტეტის მთავარი ბიბლიოთეკა წიგნსაცავი 2026-01-14 0.10 330.1(082) ვ-27 73457 2026-01-14 73457 2026-01-14 წიგნი 0.10 თ.